000
00346nam a2200133 a 4500
005
20140414131919.0
008
101021s19uu xx 00 eng d
050
_a
ER
_b
F19 2004
100
_a
Metzger, Steve
245
_a
The falling leaves and the scarecrow.
260
_a
New York :
_b
Scholastic ,
_c
2004.
999
_c
111642
_d
111642